Billboard Year-End Hot 100: 2010 - Statistics

General Stats
  • This quiz has been taken 33 times
  • The average score is 31 of 100
Answer Stats
# Song TItle Artist % Correct
1 Tik Tok Ke$ha
97%
7 Love the Way You Lie Eminem featuring Rihanna
80%
8 Bad Romance Lady Gaga
77%
4 California Gurls Katy Perry featuring Snoop Dogg
77%
9 Dynamite Taio Cruz
73%
6 Airplanes B.o.B. featuring Hayley Williams
67%
5 OMG Usher featuring will.i.am
67%
3 Hey Soul Sister Train
63%
2 Need You Now Lady Antebellum
60%
16 Telephone Lady Gaga featuring Beyonce
60%
44 Baby Justin Bieber featuring Ludacris
57%
23 Billionaire Travie McCoy featuring Bruno Mars
57%
21 Empire State of Mind Jay-Z featuring Alicia Keys
57%
30 Fireflies Owl City
53%
11 Nothin On You B.o.B. featuring Bruno Mars
53%
17 Teenage Dream Katy Perry
53%
10 Break Your Heart Taio Cruz featuring Ludacris
50%
18 Just the Way You Are Bruno Mars
50%
22 DJ Got Us Fallin in Love Usher featuring Pitbull
47%
12 I Like It Enrique Iglesias featuring Pitbull
47%
19 Cooler Than Me Mike Posner
43%
37 Like a G6 Far East Movement featuring The Cataracs and Dev
43%
46 Mine Taylor Swift
43%
24 Not Afraid Eminem
43%
33 Alejandro Lady Gaga
40%
61 Animal Neon Trees
40%
42 Bulletproof La Roux
40%
47 Only Girl (In the World) Rihanna
40%
64 Paparazzi Lady Gaga
40%
67 Party in the USA Miley Cyrus
40%
25 Replay Iyaz
40%
26 Sexy Bitch David Guetta featuring Akon
40%
29 I Gotta Feeling The Black Eyed Peas
37%
35 Just a Dream Nelly
37%
15 Rude Boy Rihanna
37%
41 Down Jay Sean featuring Lil Wayne
33%
58 Meet Me Halfway The Black Eyed Peas
33%
77 Naturally Selena Gomez & the Scene
33%
45 Whataya Want from Me Adam Lambert
33%
69 3 Britney Spears
30%
13 BedRock Young Money featuring Lloyd
30%
51 Blah Blah Blah Ke$ha featuring 3OH!3
30%
89 Eenie Meenie Sean Kingston and Justin Bieber
30%
49 Hard Rihanna featuring Jeezy
30%
39 Haven't Met You Yet Michael Buble
30%
14 In My Head Jason Derulo
30%
73 My First Kiss 3OH!3 featuring Ke$ha
30%
76 Secrets OneRepublic
30%
66 Your Love Nicki Minaj
30%
28 Your Love is My Drug Ke$ha
30%
71 Forever Drake featuring Kanye West, Lil Wayne, and Eminem
27%
92 If I Die Young The Band Perry
27%
20 Imma Be The Black Eyed Peas
27%
62 Misery Maroon 5
27%
34 Ridin Solo Jason Derulo
27%
59 Take It Off Ke$ha
27%
72 Two is Better Than One Boys Like Girls featuring Taylor Swift
27%
52 Bottoms Up Trey Songz featuring Nicki Minaj
23%
40 Club Can't Handle Me Flo Rida featuring David Guetta
23%
63 Magic B.o.B. featuring Rivers Cuomo
23%
87 Use Somebody Kings of Leon
23%
55 According to You Orianthi
20%
79 All I Do Is Win DJ Khaled featuring T-Pain, Ludacris, Snoop Dogg, and Rick Ross
20%
54 All the Right Moves OneRepublic
20%
27 Breakeven The Script
20%
38 Carry Out Timbaland featuring Justin Timberlake
20%
53 Do You Remember Jay Sean featuring Sean Paul and Lil Jon
20%
32 Find Your Love Drake
20%
84 Today Was a Fairytale Taylor Swift
20%
57 You Belong With Me Taylor Swift
20%
74 Already Gone Kelly Clarkson
17%
95 King of Anything Sara Bareilles
17%
56 `My Chick Bad Ludacris featuring Nicki Minaj
17%
60 Over Drake
17%
93 The Only Exception Paramore
17%
43 Watcha Say Jason Derulo
17%
50 Young Forever Jay-Z featuring Mr. Hudson
17%
70 Impossible Shontelle
13%
75 Rock That Body The Black Eyed Peas
13%
81 Stuck Like Glue Sugarland
13%
86 Sweet Dreams Beyonce
13%
98 Teach Me How to Dougie Cali Swag District
13%
91 The House That Built Me Miranda Lambert
13%
99 Try Sleeping with a Broken Heart Alicia Keys
13%
68 Deuces Chris Brown featuring Tyga and Kevin McCall
10%
82 Hey Daddy (Daddy's Home) Usher featuring Plies
10%
48 Live Like We're Dyin Kris Allen
10%
31 Say Aah Trey Songz featuring Fabolous
10%
85 Say Something Timbaland featuring Drake
10%
97 Smile Uncle Kracker
10%
83 There Goes My Baby Usher
10%
78 Un-Thinkable (I'm Ready) Alicia Keys
10%
94 American Honey Lady Antebellum
7%
36 How Low Ludacris
7%
80 I Made It (Cash Money Heroes) Kevin Rudolf featuring Birdman, Jay Sean, and Lil Wayne
7%
96 Life After You Daughtry
7%
100 Lover, Lover Jerrod Niemann
7%
90 Right Above It Lil Wayne featuring Drake
7%
65 Tie Me Down New Boyz featuring Ray J
7%
88 Undo It Carrie Underwood
7%
No matching quizzes found
Score Distribution
Percent of People with Each Score
Percentile by Number Answered
Your Score History
You have not taken this quiz